<?xml version="1.0" encoding="UTF-8"?>
<record
    xmlns:xsi="http://www.w3.org/2001/XMLSchema-instance"
    xsi:schemaLocation="http://www.loc.gov/MARC21/slim http://www.loc.gov/standards/marcxml/schema/MARC21slim.xsd"
    xmlns="http://www.loc.gov/MARC21/slim">

  <leader>01624nam a2200301 a 4500</leader>
  <datafield tag="999" ind1=" " ind2=" ">
    <subfield code="c">20833</subfield>
    <subfield code="d">20833</subfield>
  </datafield>
  <controlfield tag="005">20200211103318.0</controlfield>
  <controlfield tag="008">130612s2011    ck a   gr     000 0dspa d</controlfield>
  <datafield tag="015" ind1=" " ind2=" ">
    <subfield code="a">ck-2011-xxxx</subfield>
  </datafield>
  <datafield tag="040" ind1=" " ind2=" ">
    <subfield code="a">CO-BoBLA </subfield>
    <subfield code="c">CO-BoBLA</subfield>
  </datafield>
  <datafield tag="041" ind1="0" ind2=" ">
    <subfield code="a">spa</subfield>
  </datafield>
  <datafield tag="043" ind1=" " ind2=" ">
    <subfield code="a">s-ck---</subfield>
  </datafield>
  <datafield tag="082" ind1="0" ind2="4">
    <subfield code="a">333.9516 </subfield>
    <subfield code="b">C65p </subfield>
  </datafield>
  <datafield tag="110" ind1="2" ind2=" ">
    <subfield code="a">Colombia. </subfield>
    <subfield code="b">Ministerio de Ambiente, Vivienda y Desarrollo Territorial.</subfield>
    <subfield code="b">Viceministerio de Ambiente.</subfield>
    <subfield code="9">102653</subfield>
  </datafield>
  <datafield tag="245" ind1="1" ind2="0">
    <subfield code="a">Proyecto Piedemonte Andino Amaz&#xF3;nico - Colombia : </subfield>
    <subfield code="b">Creaci&#xF3;n y consolidaci&#xF3;n de &#xC1;reas protegidas, s&#xED;ntesis de resultados 2007-2010 </subfield>
    <subfield code="c">Ministerio de Ambiente, Vivienda y Desarrollo Territorial, Parques Nacionales Naturales de Colombia, Moore Foundation ; textos Juan Carlos Sandino, Beatriz G&#xF3;mez Toro ; fotograf&#xED;a Alvaro Gaviria, Diego Luis Mu&#xF1;oz Sosa, Giovanny Pulido.</subfield>
  </datafield>
  <datafield tag="260" ind1=" " ind2=" ">
    <subfield code="a">Bogot&#xE1; : </subfield>
    <subfield code="b">Ministerio de Ambiente, Vivienda y Desarrollo Territorial. Viceministerio de Ambiente, </subfield>
    <subfield code="c">2011.</subfield>
  </datafield>
  <datafield tag="300" ind1=" " ind2=" ">
    <subfield code="a">25 p. : </subfield>
    <subfield code="b">il. ; </subfield>
    <subfield code="c">22 cm.</subfield>
  </datafield>
  <datafield tag="650" ind1=" " ind2="4">
    <subfield code="a">Areas protegidas</subfield>
    <subfield code="z"> Piedemonte amaz&#xF3;nico (Colombia)</subfield>
    <subfield code="y"> 2007-2010</subfield>
    <subfield code="v"> Proyectos.</subfield>
    <subfield code="9">102654</subfield>
  </datafield>
  <datafield tag="650" ind1=" " ind2="4">
    <subfield code="a">Conservaci&#xF3;n de los recursos naturales</subfield>
    <subfield code="z"> Piedemonte amaz&#xF3;nico (Colombia)</subfield>
    <subfield code="y"> 2007-2010.</subfield>
    <subfield code="9">102655</subfield>
  </datafield>
  <datafield tag="650" ind1=" " ind2=" ">
    <subfield code="a">Parques nacionales</subfield>
    <subfield code="z"> Piedemonte amaz&#xF3;nico (Colombia)</subfield>
    <subfield code="y"> 2007-2010.</subfield>
    <subfield code="9">102656</subfield>
  </datafield>
  <datafield tag="700" ind1="1" ind2=" ">
    <subfield code="a">Sandino Franco, Juan Carlos.</subfield>
    <subfield code="9">99352</subfield>
  </datafield>
  <datafield tag="700" ind1="1" ind2=" ">
    <subfield code="a">G&#xF3;mez Toro, Beatriz.</subfield>
    <subfield code="9">102657</subfield>
  </datafield>
  <datafield tag="700" ind1="1" ind2=" ">
    <subfield code="a">Gaviria, Alvaro, </subfield>
    <subfield code="e">fot.</subfield>
    <subfield code="9">102658</subfield>
  </datafield>
  <datafield tag="700" ind1="1" ind2=" ">
    <subfield code="a">Mu&#xF1;oz Sosa, Diego L., </subfield>
    <subfield code="d">1963-, </subfield>
    <subfield code="e">fot.</subfield>
    <subfield code="9">102659</subfield>
  </datafield>
  <datafield tag="700" ind1="1" ind2=" ">
    <subfield code="a">Pulido, Giovanny, </subfield>
    <subfield code="e">fot.</subfield>
    <subfield code="9">102660</subfield>
  </datafield>
  <datafield tag="710" ind1="2" ind2=" ">
    <subfield code="a">Moore Foundation.</subfield>
    <subfield code="9">102661</subfield>
  </datafield>
  <datafield tag="942" ind1=" " ind2=" ">
    <subfield code="2">z</subfield>
    <subfield code="c">Folleto</subfield>
  </datafield>
  <datafield tag="949" ind1=" " ind2=" ">
    <subfield code="a">n            </subfield>
    <subfield code="b">n</subfield>
  </datafield>
  <datafield tag="952" ind1=" " ind2=" ">
    <subfield code="0">0</subfield>
    <subfield code="1">0</subfield>
    <subfield code="2">z</subfield>
    <subfield code="4">0</subfield>
    <subfield code="7">0</subfield>
    <subfield code="8">HEMEROTECA</subfield>
    <subfield code="a">Bogota</subfield>
    <subfield code="b">Bogota</subfield>
    <subfield code="d">2020-02-11</subfield>
    <subfield code="l">0</subfield>
    <subfield code="o">FG-0459</subfield>
    <subfield code="p">034650</subfield>
    <subfield code="r">2020-02-11 00:00:00</subfield>
    <subfield code="t">Ej. 1</subfield>
    <subfield code="w">2020-02-11</subfield>
    <subfield code="x">Donacion</subfield>
    <subfield code="y">Folleto</subfield>
  </datafield>
</record>
